000 01043nam a2200337 a 4500
001 000016368
003 DO-SdBPM
005 20251208122453.0
007 ta
008 100304s2010 dr a 001 0 spa d
040 _aDO-SdBPM
_bspa
_cBPMSU
_drda
082 _a616.5
_bB674d, 2010
_222
100 1 _aBogaert Díaz, H.
_eautor
_4aut.
245 1 0 _aDermatología /
_cH. Bogaert Díaz ; colaboradores A. Arthur Nouel ... [et al.].
250 _a8a ed.
260 _a
_c
264 _aSanto Domingo :
_bAmigo del Hogar,
_c2010
300 _a421 páginas :
_bilustraciones ;
_c23 cm.
336 _atexto
_btxt
_2rdacontent
337 _asin mediación
_bn
_2rdamedia
338 _avolumen
_bnc
_2rdacarrier
500 _aIncluye índices
590 _aInventariado, 20VM/VM
650 7 _aDermatología
650 7 _aEnfermedades de la piel
_xDiagnóstico
650 7 _aEnfermedades de la piel
_xTratamiento
650 z _aDermatology
700 1 _aNouel, A. Arthur
910 _aVMateo V. Control de calidad BPMSU
942 _2ddc
_cBK
999 _c15566
_d15566